Understanding Non-equilibrium Thermodynamics /

Gespeichert in:
Bibliographische Detailangaben
Hauptverfasser: Lebon, G (Verfasst von), Jou, D (Verfasst von), Casas-Vázquez, J (Verfasst von)
Format: Buch
Sprache:Englisch
Veröffentlicht: Berlin Springer 2008
Schlagworte:
Tags: Tag hinzufügen
Keine Tags, Fügen Sie das erste Tag hinzu!

MARC

LEADER 00000nam a22000003a 4500
001 0083840
003 SK-STU
005 20201020103606.9
007 ta
008 201020s ----xo-----e------000-0-----d
020 |a 978-3-540-74251-7 
040 |a STU  |b slo 
041 0 |a eng 
044 |a gw 
100 1 |a Lebon, G  |4 aut 
245 1 0 |a Understanding Non-equilibrium Thermodynamics /  |c aut. G Lebon, D Jou, J Casas-Vázquez 
260 |a Berlin  |b Springer  |c 2008 
300 |a 325 s. 
650 0 7 |a termodynamika 
700 1 |a Jou, D  |4 aut 
700 1 |a Casas-Vázquez, J  |4 aut 
996 |b 284M088439  |c M* 14362-1  |l MMST  |s A  |a 24  |w 0083840_0001